Relaciones contractuales en la economa̕ colaborativa y en la sociedad digital

Bibliographic Details
Main Author: Garca̕ Gonzl̀ez, Guillermo
Other Authors: Regina Redinha, Maria
Format: eBook
Language:Spanish
Published: Madrid: Dykinson, 2019
Subjects:
Online Access:Acceso restringido

MARC

LEADER 00000nam a22000007a 4500
005 20200422151149.0
007 cr|||| ||||
008 200422s2019 es |||||s|||| 00||0 spa d
020 |a 978-84-1324-436-5 
035 |a 31406 
040 |a vLex 
090 |c 10321  |d 10321 
100 1 |a Garca̕ Gonzl̀ez, Guillermo 
245 1 0 |a Relaciones contractuales en la economa̕ colaborativa y en la sociedad digital  |h [Recurso electrn̤ico] /  |c Guillermo Garca̕ Gonzl̀ez, Maria Regina Redinha 
256 |a Servicio en ln̕ea 
260 |a Madrid:  |b Dykinson,  |c 2019 
300 |a 1 recurso electrn̤ico 
506 1 |a Disponible solo en los productos indicados  |d vLex Global  |d vLex Global (Academic Edition, excluding Law Schools)  |d vLex Global (U.S. Academic Edition, Law Schools)  |d vLex Global (U.S. Academic Edition, excluding Law Schools)  |d vLex Global (Academic Edition, Law Schools) 
650 0 4 |a Derecho Laboral y Seguridad Social  |z Espaą 
700 1 |a Regina Redinha, Maria 
740 0 |a vLex Libros (Servicio en ln̕ea) 
856 4 0 |u http://vlex.com/source/relaciones-contractuales-economia-colaborativa-sociedad-digital-31406  |z Acceso restringido 
942 |c BOOK 
999 0 |a Labor law and social security